Disney Princesses by Emojis - Statistics

General Stats
  • This quiz has been taken 457 times
    185 since last reset
  • The average score is 14 of 16
Answer Stats
Hint Answer % Correct
❄️🧊☃️ Elsa
99%
⛵️🌊🏝️ Moana
97%
📚👹🕯️ Belle
96%
🧜🏻‍♀️🐚🐠 Ariel
95%
🍎🪞🧹 Snow White
95%
🛷❄️❤️ Anna
93%
🐯🕌🩵 Jasmine
93%
🐉🤺⛩️ Mulan
93%
💇🏼‍♀️🦎🏮 Rapunzel
91%
🐸🥘🎺 Tiana
91%
🐭👗🧵 Cinderella
90%
😴💙🩷 Aurora
89%
🐻🍰🏴󠁧󠁢󠁳󠁣󠁴󠁿 Merida
82%
🎨🍃🌲 Pocahontas
77%
🐉💧⚔️ Raya
65%
🏺🏛️💜 Meg
62%
No matching quizzes found
Score Distribution
Percent of People with Each Score
Percentile by Number Answered
Your Score History
You have not taken this quiz since the last reset